[Event "ESP-chT Rapid"]
[Site "Ubeda"]
[Date "2023.09.23"]
[Round "4.8"]
[White "Vecillas Rey, Daniel"]
[Black "Marquez Leon, Juan Antonio"]
[Result "1/2-1/2"]
[WhiteElo "1637"]
[BlackElo "1844"]
[PlyCount "70"]
[EventDate "2023.09.23"]
[EventType "team-swiss (rapid)"]
[EventRounds "9"]
[EventCountry "ESP"]
[SourceTitle "EXT 2024"]
[Source "ChessBase"]
[SourceDate "2023.10.10"]
[SourceVersion "1"]
[SourceVersionDate "2023.10.10"]
[SourceQuality "1"]
[WhiteTeam "Reina Juana"]
[BlackTeam "Alcorcon Diagonal II"]
[WhiteTeamCountry "ESP"]
[BlackTeamCountry "ESP"]

1. e4 c6 2. Nf3 d5 3. Nc3 dxe4 4. Nxe4 Nd7 5. Bc4 e6 6. d4 Ngf6 7. Ned2 Nb6 8. Bb3 c5 9. c3 Bd7 10. 0-0 Bc6 11. Re1 Be7 12. Bc2 Rc8 13. Ne4 cxd4 14. Nxd4 Bxe4 15. Bxe4 Nxe4 16. Rxe4 Qd5 17. Qe2 Bf6 18. f3 0-0 19. Bf4 Rfd8 20. Be5 Nd7 21. Bxf6 Nxf6 22. Re5 Qc4 23. Qxc4 Rxc4 24. Rae1 g6 25. Kf2 Nd5 26. R5e4 Nf6 27. R4e3 a6 28. g3 Ra4 29. a3 Ra5 30. R1e2 Nd7 31. f4 Nc5 32. Kf3 Kf8 33. Re5 Na4 34. Nb3 b6 35. Ke4 Nxb2 1/2-1/2

[Event "ESP-ch U14"]
[Site "Salobrena"]
[Date "2023.07.18"]
[Round "9"]
[White "Molina Gil, Noah"]
[Black "Vecillas Rey, Daniel"]
[Result "0-1"]
[WhiteElo "1795"]
[BlackElo "1575"]
[PlyCount "82"]
[EventDate "2023.07.17"]
[EventType "swiss"]
[EventRounds "9"]
[EventCountry "ESP"]
[SourceTitle "EXT 2024"]
[Source "ChessBase"]
[SourceDate "2023.10.10"]
[SourceVersion "1"]
[SourceVersionDate "2023.10.10"]
[SourceQuality "1"]

1. Nf3 d5 2. e3 Nf6 3. c4 e6 4. Nc3 c6 5. b3 Nbd7 6. Qc2 Bd6 7. Bb2 0-0 8. Be2 Re8 9. d4 b6 10. Rg1 dxc4 11. bxc4 e5 12. d5 cxd5 13. cxd5 e4 14. Nb5 exf3 15. Nxd6 fxe2 16. Nxe8 Qxe8 17. Qxe2 Qe4 18. Rd1 Nc5 19. Bd4 Ba6 20. Qf3 Qc2 21. Bxc5 Qxc5 22. d6 Qb4+ 23. Rd2 Ne4 24. Qd1 Rd8 25. f3 Qxd2+ 26. Qxd2 Nxd2 27. Kxd2 Rxd6+ 28. Kc2 Kf8 29. Re1 Ke7 30. e4 Ke6 31. Re3 Bc4 32. Ra3 a5 33. Ra4 Bb5 34. Ra3 Ke5 35. Re3 Kd4 36. Re1 Ba4+ 37. Kd2 Rc6 38. Rb1 Rc2+ 39. Ke1 b5 40. Rd1+ Ke3 41. Rb1 Rxg2 0-1

[Event "ESP-ch U12"]
[Site "Salobrena"]
[Date "2022.07.15"]
[Round "8"]
[White "Sala Martin, Guillem"]
[Black "Vecillas Rey, Daniel"]
[Result "1-0"]
[WhiteElo "1479"]
[BlackElo "1306"]
[PlyCount "132"]
[EventDate "2022.07.04"]
[EventType "swiss"]
[EventRounds "9"]
[EventCountry "ESP"]
[SourceTitle "EXT 2023"]
[Source "ChessBase"]
[SourceDate "2022.10.05"]
[SourceVersion "1"]
[SourceVersionDate "2022.10.05"]
[SourceQuality "1"]

1. c4 e6 2. Nf3 d5 3. b3 Nf6 4. Bb2 Be7 5. e3 b6 6. Nc3 Bb7 7. d4 Nbd7 8. Bd3 a6 9. 0-0 0-0 10. Re1 c5 11. Rc1 Rc8 12. Bb1 Bd6 13. cxd5 Nxd5 14. Nxd5 exd5 15. Ne5 f5 16. Qh5 Bxe5 17. dxe5 Qe8 18. Qxe8 Rcxe8 19. f4 g5 20. g3 g4 21. Red1 Bc6 22. a4 a5 23. Bd3 Nb8 24. Bb5 Rd8 25. e6 Rde8 26. Bxc6 Nxc6 27. Rxd5 Rxe6 28. Re1 Kf7 29. Rxf5+ Ke8 30. Rxf8+ Kxf8 31. f5 Re4 32. f6 Rb4 33. e4 Rxb3 34. Re2 Nd4 35. Bxd4 cxd4 36. e5 d3 37. Rd2 Rc3 38. Kf2 Rc5 39. e6 Rf5+ 40. Ke3 Rxf6 41. Rxd3 Rxe6+ 42. Kf4 Rg6 43. Rd8+ Kg7 44. Rd7+ Kg8 45. Rb7 Rc6 46. Kxg4 Rc4+ 47. Kf5 Rc6 48. h4 h6 49. g4 Rc5+ 50. Kg6 Rc6+ 51. Kh5 Rc4 52. Rxb6 Rxa4 53. Rxh6 Rd4 54. Ra6 a4 55. Ra7 Kf8 56. g5 Kg8 57. g6 a3 58. Rxa3 Kg7 59. Ra7+ Kf6 60. g7 Rd8 61. Kh6 Rd4 62. Kh7 Rxh4+ 63. Kg8 Rg4 64. Kf8 Rc4 65. Rf7+ Ke6 66. g8Q Ke5 1-0

[Event "ESP-ch U12"]
[Site "Salobrena"]
[Date "2022.07.11"]
[Round "2"]
[White "San Vicente Crespo, Pablo"]
[Black "Vecillas Rey, Daniel"]
[Result "1-0"]
[WhiteElo "1566"]
[BlackElo "1306"]
[PlyCount "119"]
[EventDate "2022.07.04"]
[EventType "swiss"]
[EventRounds "9"]
[EventCountry "ESP"]
[SourceTitle "EXT 2023"]
[Source "ChessBase"]
[SourceDate "2022.10.05"]
[SourceVersion "1"]
[SourceVersionDate "2022.10.05"]
[SourceQuality "1"]

1. e4 e6 2. d3 d5 3. Nd2 c5 4. Ngf3 Nc6 5. g3 Nf6 6. Bg2 Be7 7. 0-0 0-0 8. Re1 Qc7 9. e5 Nd7 10. Qe2 b6 11. Nf1 Re8 12. c3 Bb7 13. Bf4 Rac8 14. h4 a6 15. N1h2 Qd8 16. Ng4 Nf8 17. Bg5 Bxg5 18. Nxg5 Ne7 19. Qf3 Nf5 20. Ne3 Qd7 21. h5 Nxe3 22. fxe3 h6 23. Nh3 Nh7 24. d4 cxd4 25. exd4 Qe7 26. Rf1 Rc7 27. Qg4 a5 28. Rf2 Ba6 29. Bf1 Bxf1 30. Raxf1 Rf8 31. Nf4 Qg5 32. Qxg5 Nxg5 33. Kg2 Ne4 34. Nxe6 Nxf2 35. Nxc7 Ng4 36. Nxd5 Rd8 37. c4 b5 38. b3 bxc4 39. bxc4 Rxd5 40. cxd5 Ne3+ 41. Kf2 Nxd5 42. Rb1 Kf8 43. Rb5 Nc3 44. Rxa5 Ke7 45. Ra6 Ne4+ 46. Kf3 Ng5+ 47. Ke3 f6 48. Ra7+ Ke6 49. Rxg7 fxe5 50. Rxg5 exd4+ 51. Kxd4 hxg5 52. g4 Kf6 53. a4 Kg7 54. a5 Kh6 55. a6 Kg7 56. a7 Kh6 57. a8Q Kh7 58. Qe4+ Kh8 59. Qe7 Kg8 60. Ke5 1-0